[Event "USA-chT Amateur East"]
[Site "Parsipanny"]
[Date "2009.02.16"]
[Round "5"]
[White "Zhang, Melvin"]
[Black "Katz, Benjamin"]
[Result "1/2-1/2"]
[WhiteElo "2225"]
[BlackElo "2121"]
[PlyCount "111"]
[EventDate "2009.02.14"]
[EventType "team-tourn"]
[EventRounds "6"]
[EventCountry "USA"]
[SourceTitle "CBM 129 Extra"]
[Source "ChessBase"]
[SourceDate "2009.05.05"]
[SourceVersion "2"]
[SourceVersionDate "2009.05.20"]
[SourceQuality "1"]

1. e4 c5 2. Nf3 Nc6 3. d4 cxd4 4. Nxd4 Nf6 5. Nc3 e5 6. Ndb5 d6 7. Bg5 a6 8. Na3 b5 9. Nd5 Be7 10. Bxf6 Bxf6 11. c3 Bg5 12. Nc2 0-0 13. a4 bxa4 14. Rxa4 a5 15. b4 Ne7 16. Nce3 Bxe3 17. Nxe3 Be6 18. b5 Qb6 19. Nd5 Bxd5 20. exd5 Qc5 21. c4 Nc8 22. Ra1 Nb6 23. Rc1 Rfc8 24. Be2 Nxd5 25. Bf3 e4 26. Bxe4 Re8 27. 0-0 Rxe4 28. Qxd5 Qxd5 29. cxd5 Rb4 30. Rc6 Rxb5 31. Rxd6 a4 32. Rc1 g6 33. Rdc6 Rxd5 34. R6c2 a3 35. Ra2 Kg7 36. g3 Rd3 37. Kg2 Ra7 38. Rcc2 Kf6 39. Re2 Re7 40. Rec2 Ra7 41. Re2 Rb3 42. Kg1 Kf5 43. Kg2 Rab7 44. Rec2 Ra7 45. Re2 h5 46. h4 Ra5 47. Kh2 f6 48. Kg2 g5 49. hxg5 fxg5 50. Kh2 g4 51. Kg2 Rc5 52. Re1 Kg5 53. Re8 Ra5 54. Ree2 h4 55. gxh4+ Kxh4 56. Re4 1/2-1/2

[Event "Northeast Fall Getaway op"]
[Site "Chelmsford"]
[Date "2001.11.17"]
[Round "3"]
[White "Zhang, Melvin"]
[Black "Friedel, Joshua E"]
[Result "1/2-1/2"]
[WhiteElo "1957"]
[BlackElo "2202"]
[PlyCount "100"]
[EventDate "2001.11.??"]
[EventType "swiss"]
[EventRounds "5"]
[EventCountry "USA"]
[SourceTitle "EXT 2005"]
[Source "ChessBase"]
[SourceDate "2004.11.15"]
[SourceVersion "1"]
[SourceVersionDate "2004.11.15"]
[SourceQuality "1"]

1. e4 e5 2. Nf3 Nc6 3. Nc3 Nf6 4. Bb5 Bb4 5. 0-0 0-0 6. d3 d6 7. Bg5 Bxc3 8. bxc3 Ne7 9. Re1 c6 10. Bc4 Be6 11. Bb3 Ng6 12. Nh4 Nf4 13. Qf3 Bxb3 14. cxb3 Ne6 15. Bxf6 Qxf6 16. Qxf6 gxf6 17. Nf5 Rfd8 18. d4 a5 19. Rad1 Ng7 20. Ne3 Kf8 21. Rd2 Ne6 22. d5 Nc7 23. dxc6 bxc6 24. c4 a4 25. Red1 axb3 26. axb3 Ne6 27. Rxd6 Rxd6 28. Rxd6 Nd4 29. g3 c5 30. Rxf6 Nxb3 31. Rd6 Ra2 32. Rd5 Nd2 33. Rxc5 Nxe4 34. Rxe5 Nxf2 35. h4 f6 36. Rf5 Ne4 37. Rf4 Nxg3 38. Rxf6+ Kg7 39. Rf2 Ra3 40. Nf5+ Nxf5 41. Rxf5 Kg6 42. Rf4 Re3 43. Kf2 Re8 44. c5 Rc8 45. Rc4 Kf6 46. c6 Ke5 47. Rc5+ Kd6 48. Rh5 Rxc6 49. Rxh7 Ke5 50. Kf3 Kf5 1/2-1/2